The fortunes of Richard Mahony : (Record no. 223)
[ view plain ]
| 000 -LEADER | |
|---|---|
| fixed length control field | 00979cam a2200277 4500 |
| 001 - CONTROL NUMBER | |
| control field | 0000000254 |
| 005 - DATE AND TIME OF LATEST TRANSACTION | |
| control field | 20170406112507.0 |
| 008 - FIXED-LENGTH DATA ELEMENTS--GENERAL INFORMATION | |
| fixed length control field | 700911r19681930at m a000 1 eng |
| 010 ## - LIBRARY OF CONGRESS CONTROL NUMBER | |
| LC control number | 79379634 |
| 035 ## - SYSTEM CONTROL NUMBER | |
| System control number | 44165 |
| 040 ## - CATALOGING SOURCE | |
| Original cataloging agency | DLC |
| Transcribing agency | DLC |
| Modifying agency | m.c |
| 050 00 - LIBRARY OF CONGRESS CALL NUMBER | |
| Classification number | PZ3.R3939 |
| Item number | F9 |
| Classification number | PR6035.I354 |
| 082 0# - DEWEY DECIMAL CLASSIFICATION NUMBER | |
| Classification number | 823 |
| 100 1# - MAIN ENTRY--PERSONAL NAME | |
| Personal name | Richardson, Henry Handel, |
| Dates associated with a name | 1870-1946. |
| 245 14 - TITLE STATEMENT | |
| Title | The fortunes of Richard Mahony : |
| Remainder of title | comprising Australia Felix, The way home, Ultima Thule. / |
| Statement of responsibility, etc. | With an introduction by G. A. Wilkes. |
| 260 ## - PUBLICATION, DISTRIBUTION, ETC. | |
| Place of publication, distribution, etc. | Penrith, N.S.W. : |
| Name of publisher, distributor, etc. | Discovery Press, |
| Date of publication, distribution, etc. | [1968] |
| 300 ## - PHYSICAL DESCRIPTION | |
| Extent | 830 p. ; |
| Dimensions | 21 cm. |
| 490 0# - SERIES STATEMENT | |
| Series statement | The Australian classics. |
| 500 ## - GENERAL NOTE | |
| General note | First published by Heinemann, 1930. |
| 740 02 - ADDED ENTRY--UNCONTROLLED RELATED/ANALYTICAL TITLE | |
| Uncontrolled related/analytical title | Australia Felix. 1968. |
| 740 42 - ADDED ENTRY--UNCONTROLLED RELATED/ANALYTICAL TITLE | |
| Uncontrolled related/analytical title | The way home. 1968. |
| 740 02 - ADDED ENTRY--UNCONTROLLED RELATED/ANALYTICAL TITLE | |
| Uncontrolled related/analytical title | Ultima Thule. 1968. |
| 908 ## - PUT COMMAND PARAMETER (RLIN) | |
| Put command parameter | 131011 |
| 913 ## - | |
| -- | N |
| 989 #7 - | |
| -- | fortunes_of_richard_mahony_comprising_australftwhuthule__________1968830____dia_______________________________ |
| Withdrawn status | Lost status | Source of classification or shelving scheme | Damaged status | Not for loan | Home library | Current library | Shelving location | Date acquired | Total Checkouts | Full call number | Barcode | Date last seen | Price effective from | Koha item type |
|---|---|---|---|---|---|---|---|---|---|---|---|---|---|---|
| CUZ Harare Campus | CUZ Harare Campus | Open Shelf | 06.04.2017 | PZ3 R3939 RIC | BK0000306 | 22.05.2025 | 06.04.2017 | OS Book |